| 000 | 00517nam a2200181Ia 4500 | ||
|---|---|---|---|
| 005 | 20250923145425.0 | ||
| 008 | 008 250917s9999 xx 000 0 eng d | ||
| 037 | _aTextual | ||
| 040 |
_aDSWL _beng _cDSWL |
||
| 041 |
_aeng _2eng |
||
| 084 |
_aT4:2.7323, N67 _qDSWL |
||
| 245 | 0 | _aGraduate School : Announcement of Courses 1967-69 | |
| 260 |
_aMadison _bUniversity of Wisconsin _c1967 |
||
| 300 | _a592 p. | ||
| 365 | _aINR | ||
| 942 |
_cTEXL _hT4:2.7323, N67 |
||
| 999 |
_c1451187 _d1451187 |
||